000 00544 a2200193 4500
001 26686
005 20260407155545.0
008 260407a1972 arg spa d
003 AR-UNSa-BCEJYS
040 _aAR-UNSa-BCEJYS
_bspa
_cAR-UNSa-BCEJYS
080 _a347(094.4)
_xCódigo Civil
245 1 0 _aCódigo Civil
264 1 _aBuenos Aires :
_bVíctor P. de Zavalía
_c1972
300 _a1233 p.
_c20 cm
942 _cBK
590 _aniveau_biblio:m niveau_hierar:0
100 1 _aArgentina [Código Civil]
700 1 _aEstivill, Luis Alberto
999 _c1488
_d1488